Chhoti Si Baat (Record no. 20659)
[ view plain ]
| 000 -LEADER | |
|---|---|
| fixed length control field | 01551ngm a2200361 4500 |
| 003 - CONTROL NUMBER IDENTIFIER | |
| control field | dpl |
| 005 - DATE AND TIME OF LATEST TRANSACTION | |
| control field | 20090106164555.0 |
| 007 - PHYSICAL DESCRIPTION FIXED FIELD--GENERAL INFORMATION | |
| fixed length control field | DVD |
| 008 - FIXED-LENGTH DATA ELEMENTS--GENERAL INFORMATION | |
| fixed length control field | ||||||sp199 xxu|||||c ||| 00| 0 ng d |
| 010 ## - LIBRARY OF CONGRESS CONTROL NUMBER | |
| LC control number | DVD-001924-1926 |
| 024 ## - OTHER STANDARD IDENTIFIER | |
| Standard number or code | SHE-1829 F2 |
| Terms of availability | 39.00 |
| 035 ## - SYSTEM CONTROL NUMBER | |
| System control number | DVD-001924-1926 |
| 040 ## - CATALOGING SOURCE | |
| Original cataloging agency | DPL |
| Transcribing agency | DPL |
| 082 ## - DEWEY DECIMAL CLASSIFICATION NUMBER | |
| Classification number | DVD / CHHO |
| 245 ## - TITLE STATEMENT | |
| Title | Chhoti Si Baat |
| Statement of responsibility, etc | B. R. Films Pvt. Ltd. Presents |
| Medium | [videorecording] DVD/ |
| 260 ## - PUBLICATION, DISTRIBUTION, ETC. (IMPRINT) | |
| Name of publisher, distributor, etc | Shemaroo Home Entertainment |
| 300 ## - PHYSICAL DESCRIPTION | |
| Extent | 2 videodisc DVD; |
| Other physical details | sd., col. ; |
| Dimensions | 4 3/4 in. |
| Type of unit | DVD |
| 440 ## - SERIES STATEMENT/ADDED ENTRY--TITLE | |
| Title | Shemaroo Home Entertainment |
| 538 ## - SYSTEM DETAILS NOTE | |
| System details note | Dolby Digital 5.1 - Hindi Subtitles: English |
| 538 ## - SYSTEM DETAILS NOTE | |
| System details note | NTSC Format-All Regions, 16x9 Anamorphic (2:23.1 Aspect Ratio), Dual Layer |
| 650 ## - SUBJECT ADDED ENTRY--TOPICAL TERM | |
| Topical term or geographic name as entry element | Motion Picture |
| 700 ## - ADDED ENTRY--PERSONAL NAME | |
| Personal name | Chopra, B. R. |
| 700 ## - ADDED ENTRY--PERSONAL NAME | |
| Personal name | Chatterji, Basu |
| 700 ## - ADDED ENTRY--PERSONAL NAME | |
| Personal name | Chowdhury, Salil |
| 700 ## - ADDED ENTRY--PERSONAL NAME | |
| Personal name | Ashok Kumar |
| 700 ## - ADDED ENTRY--PERSONAL NAME | |
| Personal name | Palekar, Amol |
| 700 ## - ADDED ENTRY--PERSONAL NAME | |
| Personal name | Sinha, Vidya |
| 942 ## - ADDED ENTRY ELEMENTS (KOHA) | |
| Koha item type | CD-ROMs, DVDs, VHS |
| Source of classification or shelving scheme | Dewey Decimal Classification |
| Classification part | DVD |
| Call number suffix | CHHO |
| Withdrawn status | Lost status | Source of classification or shelving scheme | Damaged status | Not for loan | Home library | Current library | Date acquired | Source of acquisition | Cost, normal purchase price | Total Checkouts | Full call number | Barcode | Date last seen | Date checked out | Copy number | Cost, replacement price | Price effective from | Koha item type |
|---|---|---|---|---|---|---|---|---|---|---|---|---|---|---|---|---|---|---|
| Dewey Decimal Classification | Central Library | Central Library | 06/01/2009 | Purchase | 39.00 | 8 | DVD CHHO | DVD-001924 | 14/01/2010 | 13/01/2010 | 1 | 39.00 | 06/01/2009 | CD-ROMs, DVDs, VHS | ||||
| Dewey Decimal Classification | Patel Nagar | Patel Nagar | 06/01/2009 | Purchase | 39.00 | 8 | DVD CHHO | DVD-001926 | 11/08/2011 | 06/08/2011 | 1 | 39.00 | 06/01/2009 | CD-ROMs, DVDs, VHS | ||||
| Dewey Decimal Classification | Sarojini Nagar | Sarojini Nagar | 06/01/2009 | Purchase | 39.00 | 7 | DVD CHHO | DVD-001925 | 28/04/2014 | 25/04/2014 | 1 | 39.00 | 06/01/2009 | CD-ROMs, DVDs, VHS |
